000 00990nam a2200253 i 4500
001 165438
003 ES-MaACL
005 20250822190557.0
008 931025s1786 sp |||| | spa d
080 _a349.42(460)"17"
100 1 _aSisternes y Feliu, Manuel.
_9132776
245 1 0 _aIdea de la ley agraria aspañola /
_cpor D. Manuel Sisternes y Feliu.
260 _aEn Valencia :
_bOficina de D. Benito Monfort,
_c1786.
300 _a[6], XXX, 148, [2] p. ;
_c4º.
530 _aDisponible en formato digital.
596 _aMarca tip. en port.
597 _aSign.: [ ]\p3\s, [calderón]-3[calderón]\p4\s, 4[calderón]\p3\s, A-S\p4\s, T\p3\s.
597 _aAntep.
650 4 _aDerecho agrario-
_zEspaña
_911649
700 1 _aMonfort, Benito,
_d1715-1785,
_cimp.
_9162728
852 _aES-MaACL
_jR-809
_z- Enc. pasta
_x Olim: G-4204
856 _uhttp://bdh-rd.bne.es/viewer.vm?id=0000094773&page=1
_zBiblioteca Digital Hispánica
999 _c165438
_d165438